Truyện ngắn tình yêu. t. II /
Wedi'i Gadw mewn:
| Awduron Eraill: | , , |
|---|---|
| Fformat: | Sách giấy |
| Iaith: | Vietnamese |
| Cyhoeddwyd: |
Hà Nội :
Văn hoá Thông tin ,
2000
|
| Tagiau: |
Ychwanegu Tag
Dim Tagiau, Byddwch y cyntaf i dagio'r cofnod hwn!
|
| Thư viện lưu trữ: | Thư viện Trường Đại học Đà Lạt |
|---|
| LEADER | 00669nam a2200265 4500 | ||
|---|---|---|---|
| 001 | DLU020017392 | ||
| 005 | ##3/27/2001 | ||
| 020 | # | # | |a 978- |
| 041 | # | # | |a vie |
| 082 | # | # | |a 895.922 3 |b Tru |
| 245 | # | # | |a Truyện ngắn tình yêu. |n t. II / |c Triệu Bôn, Nguyễn Thị Ngọc Tú, Đoàn Lê |
| 260 | # | # | |a Hà Nội : |b Văn hoá Thông tin , |c 2000 |
| 300 | # | # | |a 356 tr.; |c 19 cm. |
| 700 | # | # | |a Triệu Bôn |
| 700 | # | # | |a Đoàn Lê |
| 700 | # | # | |a Nguyễn Thị Ngọc Tú |
| 992 | # | # | |a 30000 |
| 994 | # | # | |a DLU |
| 900 | # | # | |a False |
| 911 | # | # | |a Administrator |
| 925 | # | # | |a G |
| 926 | # | # | |a A |
| 927 | # | # | |a SH |
| 980 | # | # | |a Thư viện Trường Đại học Đà Lạt |